000
00325nam a22001457a 4500
003
SGT
082
_a
345.080 954,HAN
100
_a
HASARIA, VUJAY
245
_a
JUVEILE JUSTICE SYSTEM
250
_a
2ND
260
_a
NEW DELHI
_b
UNIVERSAL BOOK COMPANY
_c
204
300
_a
362
650
_a
JURISPRUDENCE
942
_2
ddc
_c
BK
_0
1
999
_c
10130
_d
10130